| 000 | 00616nam a22002177a 4500 | ||
|---|---|---|---|
| 003 | OSt | ||
| 005 | 20210126134328.0 | ||
| 007 | ta | ||
| 008 | 210114e2008 dr ||||| |||| 00| pdspa d | ||
| 020 | _a9789945130805 | ||
| 040 |
_aDO-SdBNP _bspa _cBNPHU |
||
| 041 | _hspa | ||
| 082 |
_aBNPH- xxxx _bN575d |
||
| 100 | 1 |
_925855 _aNúñez , Lorgio, _d1960- |
|
| 245 | 1 | 0 |
_aDesarraigo, asombros / _cAntonio Manuel Brito Ovalle , prólogo. |
| 250 | _a2da. ed. | ||
| 260 |
_aSanto Domingo : _bSonrisol , _c2008 |
||
| 300 |
_a101 pg. ; _c19 cm. |
||
| 700 |
_aBrito Ovalle, Antonio Manuel _eprólogo _914359 |
||
| 942 |
_2ddc _cLBS1 |
||
| 999 |
_c49328 _d49328 |
||